[Event "Titled Tue 3rd Jun Early"]
[Site "chess.com INT"]
[Date "2025.06.03"]
[Round "8"]
[White "Cahaya, Satria Duta"]
[Black "Tulendinov, Dinmukhammed"]
[Result "1-0"]
[WhiteTitle "FM"]
[BlackTitle "FM"]
[WhiteElo "2416"]
[BlackElo "2124"]
[WhiteFideId "7124252"]
[BlackFideId "13730860"]
[EventDate "2025.06.03"]

1. e4 c5 2. Nf3 e6 3. d4 cxd4 4. Nxd4 Nc6 5. Nc3 Qc7 6. Be3 a6 7. Qf3 Bd6 8.
O-O-O Be5 9. Nxc6 bxc6 10. Bd4 Bxd4 11. Rxd4 Nf6 12. Qg3 Qxg3 13. hxg3 d5 14.
exd5 cxd5 15. Bd3 h6 16. Na4 Nd7 17. Rg4 Kf8 18. Rd4 Ke7 19. g4 Bb7 20. Re1 a5
21. Bb5 Nf6 22. Nc5 Bc8 23. a4 Kd6 24. Nd3 Ra7 25. c4 Rc7 26. Kb1 Bd7 27. c5+
Ke7 28. Rc1 Rb8 29. c6 Be8 30. Ne5 Ne4 31. f3 Nd6 32. Rc5 f6 33. Nd3 e5 34.
Rdxd5 Bf7 35. Rxd6 Kxd6 36. Rc3 Be8 37. Nc5 Rb6 38. Nb7+ Ke7 39. Nxa5 Rb8 40. b4
Ra8 41. Kb2 Rb8 42. Kb3 g6 43. Kc4 Kd6 44. Rd3+ Ke7 45. Kc5 h5 46. Ba6 hxg4 47.
fxg4 Ra8 48. b5 Rca7 49. Kb6 Ke6 50. Nb3 e4 51. Nc5+ Ke5 52. Rd1 f5 53. gxf5
gxf5 54. c7 Rxc7 55. Kxc7 Bh5 56. Rh1 Bg4 57. b6 Kd5 58. Bb7+ 1-0

[Event "Titled Tue 3rd Jun Early"]
[Site "chess.com INT"]
[Date "2025.06.03"]
[Round "8"]
[White "Baturin-Vinogradov, Miroslav"]
[Black "Arya G Mallar"]
[Result "1-0"]
[WhiteTitle "CM"]
[BlackTitle "WCM"]
[WhiteElo "2010"]
[BlackElo "2014"]
[WhiteFideId "55745741"]
[BlackFideId "25115324"]
[EventDate "2025.06.03"]

1. d4 Nf6 2. c4 g6 3. g3 c6 4. Bg2 d5 5. Qa4 Nfd7 6. cxd5 Nb6 7. Qb3 cxd5 8. Nc3
e6 9. Nf3 Nc6 10. O-O Bg7 11. Bf4 O-O 12. Rfd1 Na5 13. Qc2 Bd7 14. Rac1 Rc8 15.
Ne5 Nac4 16. Nxd7 Qxd7 17. b3 Na5 18. Qd2 Nc6 19. e3 a5 20. h3 Ra8 21. a4 Nb4
22. Nb5 Nc6 23. Bc7 Nc8 24. g4 N8a7 25. Bg3 Nxb5 26. axb5 Nb4 27. Bf1 Rfc8 28.
Rxc8+ Rxc8 29. Rc1 Bf8 30. Bf4 Bg7 31. Kg2 Bf8 32. Rc3 h5 33. gxh5 gxh5 34. Be2
h4 35. Rc1 Rxc1 36. Qxc1 Qe7 37. Qc7 Qxc7 38. Bxc7 Nc2 39. Bxa5 Be7 40. Bc7 Na3
41. b6 Nc2 42. Ba6 Nb4 43. Bxb7 Kg7 44. Bc8 Nc6 45. b7 Bf6 46. Be5 1-0

[Event "Titled Tue 3rd Jun Early"]
[Site "chess.com INT"]
[Date "2025.06.03"]
[Round "8"]
[White "Gurevich, Dmitry"]
[Black "Ristic, Nebojsa M"]
[Result "1/2-1/2"]
[WhiteTitle "GM"]
[BlackTitle "IM"]
[WhiteElo "2347"]
[BlackElo "2248"]
[WhiteFideId "2000407"]
[BlackFideId "900850"]
[EventDate "2025.06.03"]

1. d4 Nf6 2. c4 e6 3. Nc3 Bb4 4. e3 O-O 5. Bd3 b6 6. Ne2 Re8 7. O-O Bb7 8. f3 d5
9. cxd5 exd5 10. Bd2 a6 11. a3 Bd6 12. b4 c5 13. bxc5 bxc5 14. Rb1 Qc7 15. h3
Nbd7 16. Qe1 cxd4 17. exd4 Bxa3 18. Qh4 Nf8 19. Bf4 Qd7 20. Bg5 Be7 21. Na4 Qxa4
22. Rxb7 Ng6 23. Qe1 Reb8 24. Qb1 Qe8 25. Rxb8 Rxb8 26. Qa2 Ra8 27. Bxf6 Bxf6
28. Qxd5 Rd8 29. Qe4 Qxe4 30. Bxe4 Bxd4+ 31. Nxd4 Rxd4 32. Rb1 Nf8 33. Rb6 a5
34. Ra6 Ra4 35. g4 g6 36. Bd5 g5 37. Ra7 Ne6 38. Bxe6 fxe6 39. Re7 Ra3 40. Kf2
a4 41. Rxe6 Kg7 42. Ra6 h6 43. Kg3 Ra2 44. Ra7+ Kf6 45. Ra6+ Kg7 46. Ra7+ Kg6
47. Ra6+ Kh7 48. Ra7+ Kg8 49. Ra6 Kg7 1/2-1/2

[Event "Titled Tue 3rd Jun Early"]
[Site "chess.com INT"]
[Date "2025.06.03"]
[Round "8"]
[White "Silva Lucena, Cristian"]
[Black "Viskelis, Darius"]
[Result "0-1"]
[WhiteTitle "FM"]
[BlackTitle "FM"]
[WhiteElo "2257"]
[BlackElo "2165"]
[WhiteFideId "2232588"]
[BlackFideId "12800830"]
[EventDate "2025.06.03"]

1. e4 e5 2. Nf3 Nf6 3. Nc3 Bb4 4. Nxe5 O-O 5. Nd3 Bxc3 6. dxc3 Nxe4 7. Be2 d5 8.
O-O Bf5 9. f3 Nd6 10. Rf2 c6 11. Bf1 Nd7 12. Bf4 Nf6 13. b3 h6 14. Qd2 a5 15.
Re1 a4 16. Nb4 Re8 17. Rd1 Re6 18. c4 axb3 19. axb3 Qb6 20. cxd5 cxd5 21. Nxd5
Nxd5 22. Qxd5 Bxc2 23. Rd2 Bxb3 24. Qd4 Qxd4 25. Rxd4 Nf5 26. Rb4 Bd5 27. Rb5
Ne7 28. g4 Bc6 29. Rbb2 Ra3 30. Kg2 Rf6 31. Kg3 Ng6 32. Rb4 Kh7 33. h4 Ne5 34.
g5 Rf5 35. Bxe5 Raxf3+ 36. Rxf3 Rxf3+ 37. Kg4 Rxf1 38. gxh6 Kxh6 39. Bf4+ Kg6
40. h5+ Kf6 41. Bg5+ Ke6 42. Rb3 f5+ 0-1

[Event "Titled Tue 3rd Jun Early"]
[Site "chess.com INT"]
[Date "2025.06.03"]
[Round "8"]
[White "Mendonca, Leon Luke"]
[Black "Ostensen, Nicolai Maxime"]
[Result "1-0"]
[WhiteTitle "GM"]
[BlackTitle "FM"]
[WhiteElo "2630"]
[BlackElo "2283"]
[WhiteFideId "35028561"]
[BlackFideId "1546970"]
[EventDate "2025.06.03"]

1. c4 Nf6 2. Nf3 g6 3. d4 Bg7 4. e3 O-O 5. Be2 d6 6. O-O Nc6 7. Nc3 e5 8. b3 Re8
9. Bb2 Bf5 10. d5 Ne7 11. Nd2 Bd7 12. b4 Rf8 13. a4 a5 14. bxa5 Rxa5 15. Nb3 Ra8
16. a5 Ne8 17. c5 f5 18. Ba3 e4 19. Qd2 dxc5 20. Bxc5 Nd6 21. Nd4 Qe8 22. Rfb1
Bc8 23. Ncb5 Nxb5 24. Bxb5 Qf7 25. d6 cxd6 26. Bxd6 Be6 27. Ra4 Kh8 28. Nxe6
Qxe6 29. Bc7 Nc6 30. Bb6 Ne5 31. Rd4 Ng4 32. Rd6 Qe5 33. g3 Qe7 34. Rd7 Qg5 35.
Bd4 Be5 36. h3 Bxd4 37. Qxd4+ Nf6 38. Rxb7 Rxa5 39. Bc4 Raa8 40. R1b6 h5 41. h4
Qg4 42. Rxf6 1-0

[Event "Titled Tue 3rd Jun Early"]
[Site "chess.com INT"]
[Date "2025.06.03"]
[Round "8"]
[White "Ochedzan, Filip"]
[Black "Khazhatuly, Alikhan"]
[Result "0-1"]
[WhiteTitle "CM"]
[BlackTitle "CM"]
[WhiteElo "2130"]
[BlackElo "2196"]
[WhiteFideId "21892610"]
[BlackFideId "13731335"]
[EventDate "2025.06.03"]

1. f4 d5 2. Nf3 c5 3. g3 Nf6 4. Bg2 Nc6 5. O-O b6 6. d3 Bb7 7. c3 e6 8. Na3 Be7
9. Nc2 h5 10. Qe1 Ng4 11. h3 Nh6 12. e4 Ba6 13. exd5 exd5 14. Ne5 Rc8 15. Qe2
Nf5 16. Qf3 h4 17. g4 Ng3 18. Rd1 Nxe5 19. fxe5 d4 20. Bf4 Bb7 21. Qf2 Bxg2 22.
Qxg2 Bg5 23. Bxg3 hxg3 24. Qxg3 Rc6 25. Rf1 Rch6 26. Rf3 Rxh3 27. Qxh3 Rxh3 28.
Rxh3 Qd5 29. c4 Qe6 30. Rg3 Bf4 31. Rg2 Bxe5 32. Re1 f6 33. b4 Kf7 34. a3 g5 35.
Re4 Qd7 36. Rf2 Kg6 37. b5 Qc8 38. Ne1 Bf4 39. Ng2 Qxg4 40. Rf1 Kg7 41. Kf2 Qg3+
42. Kg1 Be3+ 43. Kh1 Qh3# 0-1

[Event "Titled Tue 3rd Jun Early"]
[Site "chess.com INT"]
[Date "2025.06.03"]
[Round "8"]
[White "Nikulina, Alena"]
[Black "Belov, Alexei"]
[Result "0-1"]
[WhiteTitle "WFM"]
[BlackTitle "IM"]
[WhiteElo "1875"]
[BlackElo "2421"]
[WhiteFideId "4172051"]
[BlackFideId "4128206"]
[EventDate "2025.06.03"]

1. e4 e6 2. d4 d5 3. exd5 exd5 4. c4 Nf6 5. Nc3 Be7 6. Nf3 O-O 7. Bd3 dxc4 8.
Bxc4 Nbd7 9. O-O Nb6 10. Bb3 Nbd5 11. Re1 c6 12. Ne5 Be6 13. Bg5 Re8 14. Bc2
Nxc3 15. bxc3 Nd5 16. Qh5 Bxg5 17. Qxh7+ Kf8 18. Qh8+ Ke7 19. Qxg7 Rg8 20. Qh7
Bd2 21. Nxf7 Rxg2+ 22. Kh1 Qg8 23. Rxe6+ Kxe6 24. Qf5+ Ke7 25. c4 Qxf7 26. Qe4+
Qe6 27. Qxg2 Nf4 28. Qf3 Qxc4 29. Bb3 Qxd4 30. Rd1 Rd8 31. Rg1 Kd6 32. Rg4 Kc5
33. Rg5+ Kb6 34. Rf5 Nd5 35. a4 Qc3 36. Bxd5 cxd5 37. Qxc3 Bxc3 38. a5+ Kxa5 39.
h4 Kb4 40. h5 d4 41. Kg2 d3 42. Rf4+ Kb3 43. Rf7 d2 44. Rxb7+ Kc2 45. Rxa7 d1=Q 0-1

[Event "Titled Tue 3rd Jun Early"]
[Site "chess.com INT"]
[Date "2025.06.03"]
[Round "8"]
[White "Gavarrete, Nahun"]
[Black "Harriott, Tyrell"]
[Result "0-1"]
[WhiteTitle "FM"]
[WhiteElo "2281"]
[BlackElo "1924"]
[WhiteFideId "8400709"]
[BlackFideId "2086484"]
[EventDate "2025.06.03"]

1. e4 d6 2. d4 Nf6 3. Nc3 Nbd7 4. f4 e5 5. dxe5 dxe5 6. fxe5 Nxe5 7. Qxd8+ Kxd8
8. Nf3 Ng6 9. Bg5 Be7 10. O-O-O+ Bd7 11. Bc4 Rf8 12. e5 Ng4 13. e6 fxe6 14. Bxe6
N4e5 15. Nxe5 Bxg5+ 16. Kb1 Nxe5 17. Rhe1 Bf6 18. g4 Kc8 19. Bxd7+ Nxd7 20. Nd5
c6 21. Ne7+ Kc7 22. Nf5 Rae8 23. Rf1 Ne5 24. Rf4 Rd8 25. Nd4 Rfe8 26. Rdf1 Nc4
27. Nb3 Nd2+ 28. Nxd2 Rxd2 29. g5 Bxg5 30. Rf7+ Rd7 31. R7f5 Bf6 32. a3 Re2 33.
R5f2 Rdd2 34. Rxe2 Rxe2 35. Rh1 Kd6 36. Kc1 Ke5 37. Kd1 Rg2 38. h4 Ke4 39. h5
Bxb2 40. h6 g6 41. Re1+ Kd4 42. Re7 Bc3 43. Rxh7 Ke3 44. Re7+ Kf3 45. Rf7+ Kg3
46. h7 Rd2+ 47. Ke1 Rf2+ 48. Kd1 Rxf7 49. h8=Q Bxh8 50. Ke2 Kf4 51. Kd3 Ke5 52.
Kc4 Kd6 53. Kb3 g5 54. c4 g4 55. Kc2 Kc5 56. Kd3 g3 57. Kc2 g2 58. Kb3 g1=Q 59.
Kc2 Qg3 60. Kb1 Rf2 61. Kc1 Qg1# 0-1

[Event "Titled Tue 3rd Jun Early"]
[Site "chess.com INT"]
[Date "2025.06.03"]
[Round "8"]
[White "Miserendino, Alfredo"]
[Black "Wyss, Jonas"]
[Result "1-0"]
[BlackTitle "FM"]
[WhiteElo "2032"]
[BlackElo "2278"]
[WhiteFideId "101800"]
[BlackFideId "1311387"]
[EventDate "2025.06.03"]

1. e4 c6 2. d4 d5 3. Nc3 dxe4 4. Nxe4 Nf6 5. Nxf6+ exf6 6. c3 Bd6 7. Bd3 O-O 8.
Qc2 Re8+ 9. Be3 h5 10. O-O-O Be6 11. Kb1 b5 12. Ne2 Qa5 13. b3 Nd7 14. Nf4 h4
15. Nxe6 Rxe6 16. Bh7+ Kf8 17. Bf5 Re7 18. Rhe1 Rae8 19. Bxd7 Rxd7 20. Bd2 Rde7
21. Qh7 Rxe1 22. Qh8+ Ke7 23. Rxe1+ Be5 24. Qxh4 Kd7 25. dxe5 fxe5 26. Rd1 Kc8
27. Qg4+ Kb7 28. Qxg7 Qc7 29. Bc1 a5 30. Qg4 Re7 31. Qe4 f6 32. h4 a4 33. Ba3
Rh7 34. bxa4 bxa4 35. Qxa4 Qb6+ 36. Qb4 Rxh4 37. Qxb6+ Kxb6 38. g3 Rh2 39. Bc1
Kb5 40. Be3 Kc4 41. Kc2 Rh8 42. Rb1 c5 43. Rb7 Ra8 44. Kb2 Ra5 45. Rc7 f5 46.
Rxc5+ Rxc5 47. Bxc5 Kxc5 48. Kb3 Kd5 49. f3 e4 50. fxe4+ Kxe4 51. a4 Kf3 52. a5
Ke4 53. a6 Kf3 54. a7 Kxg3 55. a8=Q f4 56. Qd5 f3 57. Qg5+ Kf2 58. c4 Ke2 59. c5
f2 60. Qf4 Ke1 61. c6 f1=Q 62. Qxf1+ Kxf1 63. c7 Ke2 64. c8=Q Kf1 65. Qc2 Kg1
66. Kc3 Kh1 67. Kd3 Kg1 68. Ke3 Kh1 69. Kf3 Kg1 1-0

[Event "Titled Tue 3rd Jun Early"]
[Site "chess.com INT"]
[Date "2025.06.03"]
[Round "8"]
[White "Durarbayli, Vasif"]
[Black "Ahmad, Khagan"]
[Result "0-1"]
[WhiteTitle "GM"]
[BlackTitle "IM"]
[WhiteElo "2612"]
[BlackElo "2405"]
[WhiteFideId "13402935"]
[BlackFideId "13431552"]
[EventDate "2025.06.03"]

1. e4 c5 2. Nf3 d6 3. d4 cxd4 4. Nxd4 Nf6 5. Nc3 a6 6. Be2 e5 7. Nb3 Be7 8. h4
b5 9. a4 b4 10. Nd5 Bb7 11. Nxe7 Qxe7 12. f3 O-O 13. Bg5 Nc6 14. h5 h6 15. Be3
Rfd8 16. Bc4 Rac8 17. Qd3 d5 18. Bxd5 Nxd5 19. exd5 Nd4 20. Bxd4 exd4+ 21. Kf2
Bxd5 22. Nxd4 Qf6 23. Rad1 Bc4 24. Qf5 Qb6 25. a5 Qa7 26. Rh4 Rc5 27. Qe4 Rxa5
28. Qe3 Rad5 29. c3 bxc3 30. bxc3 a5 31. Rg4 Qb6 32. Rxg7+ Kxg7 33. Nf5+ Rxf5
34. Qxb6 Rxd1 35. g4 Rf6 36. Qc7 Bd5 37. f4 Re6 38. g5 Rd2+ 39. Kg3 Re3+ 40. Kg4
Rg2+ 41. Kh4 Be6 42. f5 Re4+ 43. Kh3 Rxg5 44. fxe6 Rxh5+ 45. Kg3 Rg5+ 46. Kf3
Rxe6 47. c4 Rf5+ 48. Kg4 Rf1 49. c5 Rg6+ 0-1

[Event "Titled Tue 3rd Jun Early"]
[Site "chess.com INT"]
[Date "2025.06.03"]
[Round "8"]
[White "Waldhausen Gordon, Frederick"]
[Black "Vafin, Ayrat"]
[Result "0-1"]
[WhiteTitle "FM"]
[BlackTitle "FM"]
[WhiteElo "2397"]
[BlackElo "2302"]
[WhiteFideId "2409143"]
[BlackFideId "4146530"]
[EventDate "2025.06.03"]

1. e4 e5 2. Nf3 Nf6 3. Nxe5 d6 4. Nf3 Nxe4 5. Nc3 Nxc3 6. dxc3 Be7 7. Be3 Nc6 8.
Qd2 Be6 9. Nd4 Nxd4 10. cxd4 d5 11. Bd3 Qd7 12. O-O-O O-O-O 13. Kb1 Bf5 14. Rhe1
Rhe8 15. Bf4 Bf6 16. c3 h6 17. f3 Bxd3+ 18. Qxd3 Rxe1 19. Rxe1 Re8 20. Rxe8+
Qxe8 21. Qf5+ Qd7 22. Qd3 Qe6 23. Kc2 a6 24. Bd2 Kd7 25. Kd1 Qc6 26. b3 Qe6 27.
a4 h5 28. Bf4 g6 29. Qd2 Qb6 30. Kc2 Qe6 31. Kd1 Qf5 32. Kc1 Be7 33. Kb2 Qe6 34.
Be3 Qd6 35. Bf4 Qa3+ 36. Kc2 Qa2+ 37. Kd3 Qxb3 38. Qc2 Qc4+ 39. Ke3 g5 40. Bg3
Ke6 41. Kd2 Qf1 42. Ke3 f5 43. Bxc7 f4+ 44. Kd2 Qxg2+ 45. Kc1 Qxf3 46. Qg6+ Kd7
47. Ba5 Qe3+ 48. Kb2 Qe2+ 49. Kb3 Qc4+ 50. Kb2 Qe2+ 51. Kb3 Qe6 52. Qxh5 Qf5 53.
Qf3 Qb1# 0-1

[Event "Titled Tue 3rd Jun Early"]
[Site "chess.com INT"]
[Date "2025.06.03"]
[Round "8"]
[White "Sklokin, Sergey"]
[Black "Kislinsky, Alexey"]
[Result "1/2-1/2"]
[WhiteTitle "FM"]
[BlackTitle "GM"]
[WhiteElo "2311"]
[BlackElo "2350"]
[WhiteFideId "55730230"]
[BlackFideId "14108801"]
[EventDate "2025.06.03"]

1. d4 d5 2. Nf3 Nf6 3. c4 dxc4 4. e3 e6 5. Bxc4 a6 6. a4 c5 7. O-O Nc6 8. Qe2
cxd4 9. Rd1 Be7 10. exd4 O-O 11. Nc3 Nb4 12. Be3 b6 13. Rac1 Bb7 14. Ne5 a5 15.
f3 Rc8 16. Bf2 Nfd5 17. Ne4 Nf4 18. Qf1 Ng6 19. Nxg6 hxg6 20. Qe2 Nd5 21. b3 Nf4
22. Qf1 Nd5 23. g3 Bg5 24. f4 Be7 25. Qe2 Qd7 26. h4 Nf6 27. Ng5 Bd5 28. Bxd5
Qxd5 29. Rc4 Rc6 30. Rdc1 Rfc8 31. R1c2 Bb4 32. Rxc6 Rxc6 33. Rxc6 Qxc6 34. Qc4
Qd7 35. Qa6 Nd5 36. Qa8+ Bf8 37. Nf3 Qc7 38. Ne5 Qc1+ 39. Kg2 Ne3+ 40. Bxe3 Qxe3
41. Kh3 Qe1 42. Qg2 Qd1 43. Qe4 Qf1+ 44. Kh2 Qf2+ 45. Kh3 Qf1+ 46. Qg2 Qd1 47.
Qb7 Qf1+ 48. Kh2 Qf2+ 49. Kh3 Qf1+ 50. Qg2 Qd1 1/2-1/2

[Event "Titled Tue 3rd Jun Early"]
[Site "chess.com INT"]
[Date "2025.06.03"]
[Round "8"]
[White "Hernandez Izquierdo, Jose A."]
[Black "Aarit Kapil"]
[Result "1-0"]
[WhiteTitle "IM"]
[BlackTitle "CM"]
[WhiteElo "2223"]
[BlackElo "2098"]
[WhiteFideId "3527263"]
[BlackFideId "33408947"]
[EventDate "2025.06.03"]

1. e4 c5 2. Nf3 d6 3. d4 cxd4 4. Nxd4 Nf6 5. Nc3 a6 6. h3 Nc6 7. g4 e5 8. Nf5
Bxf5 9. exf5 d5 10. g5 d4 11. gxf6 dxc3 12. Qxd8+ Rxd8 13. bxc3 gxf6 14. Rb1 b5
15. a4 bxa4 16. Bxa6 a3 17. Bb5 Rc8 18. Bxc6+ Rxc6 19. Rb8+ Kd7 20. Bxa3 Bxa3
21. Rxh8 Rxc3 22. Kd1 Rf3 23. Rxh7 Ke7 24. Rh2 Rxf5 25. h4 Bc5 26. Ke2 e4 27.
Rh8 Rf3 28. h5 Rc3 29. Kd1 Ra3 30. h6 Bb4 31. c4 e3 32. fxe3 Ra1+ 33. Kc2 Ra2+
34. Kb3 Rxh2 35. Kxb4 f5 36. c5 Kd7 37. Kc4 Rh5 38. Kd4 Kc6 39. h7 Kd7 40. c6+
Kc7 41. Ke5 Rh3 42. Kf6 Rh5 43. Kxf7 Kxc6 44. Rc8+ Kd5 45. h8=Q Rxh8 46. Rxh8
Ke4 47. Rh3 1-0

[Event "Titled Tue 3rd Jun Early"]
[Site "chess.com INT"]
[Date "2025.06.03"]
[Round "8"]
[White "Terlouw, Wouter"]
[Black "Goncharov, Vladimir"]
[Result "1-0"]
[WhiteTitle "CM"]
[WhiteElo "2227"]
[BlackElo "2077"]
[WhiteFideId "1087401"]
[BlackFideId "34162256"]
[EventDate "2025.06.03"]

1. Nc3 d5 2. e4 e6 3. Nf3 Nf6 4. d3 Bb4 5. Bd2 c5 6. g3 Nc6 7. Bg2 d4 8. Ne2
Bxd2+ 9. Qxd2 O-O 10. O-O e5 11. Nh4 g6 12. f4 exf4 13. Nxf4 Ng4 14. Nd5 Be6 15.
h3 Bxd5 16. exd5 Ne3 17. dxc6 Nxf1 18. Rxf1 bxc6 19. b3 Qd6 20. Qf4 Qe6 21. Nf3
Rae8 22. Ng5 Qe3+ 23. Qf2 f5 24. Qxe3 Rxe3 25. Kf2 Rf6 26. Re1 f4 27. gxf4 Rxf4+
28. Nf3 Rxe1 29. Kxe1 Kf7 30. Nd2 Ke7 31. Bxc6 h6 32. Bg2 g5 33. Ne4 Rf5 34. Ke2
Kd7 35. Bf3 Kc7 36. Bg4 Re5 37. Kf2 Kb6 38. Nd6 Kc7 39. Nf7 Re8 40. Nxh6 Rf8+
41. Nf5 a5 42. a4 Re8 43. Ng3 Rf8+ 44. Ke2 Kb6 45. Ne4 Rg8 46. Nf6 Rg7 47. Nd7+
Kc6 48. Ne5+ Kd5 49. Nc4 Re7+ 50. Kf2 Ra7 51. Bf3+ Ke6 52. Kg3 Kf5 53. Be4+ Kf6
54. Kg4 Ra6 55. Na3 Ra7 56. Nb5 Re7 57. Nd6 Ra7 58. Nf5 Rh7 59. Ng3 Rh4+ 60. Kf3
Rxh3 61. Kg2 Rh4 62. Nf5 Rf4 63. Nd6 Rg4+ 64. Kf2 Rh4 65. Kg3 Rh7 66. Nb7 1-0

[Event "Titled Tue 3rd Jun Early"]
[Site "chess.com INT"]
[Date "2025.06.03"]
[Round "8"]
[White "Donchenko, Alexander"]
[Black "Klymchuk, Andriy"]
[Result "0-1"]
[WhiteTitle "GM"]
[BlackTitle "FM"]
[WhiteElo "2615"]
[BlackElo "2405"]
[WhiteFideId "24603295"]
[BlackFideId "14140063"]
[EventDate "2025.06.03"]

1. d4 Nf6 2. c4 c5 3. Nf3 cxd4 4. Nxd4 Nc6 5. Nc3 g6 6. g3 Bg7 7. Bg2 O-O 8. O-O
Nxd4 9. Qxd4 d6 10. Qd3 a6 11. Bd2 Bf5 12. e4 Be6 13. Rac1 Nd7 14. b3 Rb8 15.
Qe2 Ne5 16. h3 Nc6 17. Be3 Qa5 18. Nd5 Bxd5 19. exd5 Ne5 20. a4 Rfe8 21. h4 Qb4
22. Qd1 b5 23. axb5 axb5 24. c5 dxc5 25. Bxc5 Qa5 26. h5 b4 27. Be3 Rbc8 28. h6
Bf6 29. Qe2 Rc3 30. Bf4 Nd3 31. Rxc3 Nxf4 32. gxf4 bxc3 33. d6 Qb4 34. Rd1 e6
35. f5 gxf5 36. d7 Rd8 37. Rd3 Qxb3 38. Kh2 Qb2 39. Rg3+ Kf8 40. Qd3 Qb8 41. Kh3
Qc7 42. Qb5 c2 43. Qb4+ Be7 44. Qd4 e5 45. Qd5 c1=Q 46. Rg7 Qxh6+ 47. Kg3 Qxg7+
48. Kh2 e4+ 49. Kg1 Qc1+ 0-1

[Event "Titled Tue 3rd Jun Early"]
[Site "chess.com INT"]
[Date "2025.06.03"]
[Round "8"]
[White "Tilahun, Abel Mathewos"]
[Black "Andrade, Ivan"]
[Result "1-0"]
[WhiteTitle "CM"]
[BlackTitle "FM"]
[WhiteElo "1944"]
[BlackElo "2161"]
[WhiteFideId "15702391"]
[BlackFideId "14800039"]
[EventDate "2025.06.03"]

1. d4 Nf6 2. c4 e6 3. Nf3 b6 4. a3 Bb7 5. Nc3 Ne4 6. Qc2 Nxc3 7. Qxc3 Be7 8. g3
O-O 9. Bg2 f5 10. O-O Bf6 11. Ne5 Bxg2 12. Kxg2 d6 13. Nf3 c5 14. Qd3 Qc7 15. d5
Qe7 16. dxe6 Qxe6 17. Bf4 Rd8 18. Rad1 Nc6 19. Bg5 Ne5 20. Qd5 Qxd5 21. Rxd5
Bxg5 22. Nxg5 Nxc4 23. Rb1 g6 24. e4 fxe4 25. Nxe4 Kg7 26. h4 Re8 27. Nxd6 Rad8
28. Nxe8+ Rxe8 29. Rd7+ Kh6 30. Rxa7 Re2 31. g4 Nxb2 32. Kg3 g5 33. h5 Nd3 34.
Rb7 Re6 35. R1xb6 Rxb6 36. Rxb6+ Kg7 37. a4 c4 38. Rc6 Nb2 39. a5 Nd3 40. Rxc4
Nb2 41. Rc7+ Kf6 42. a6 1-0

[Event "Titled Tue 3rd Jun Early"]
[Site "chess.com INT"]
[Date "2025.06.03"]
[Round "8"]
[White "Aravindhan, Achyuth"]
[Black "Dicen, Elis Denele"]
[Result "1-0"]
[WhiteTitle "CM"]
[BlackTitle "WFM"]
[WhiteElo "2098"]
[BlackElo "2135"]
[WhiteFideId "1084216"]
[BlackFideId "462560"]
[EventDate "2025.06.03"]

1. Nf3 e6 2. g3 Nf6 3. Bg2 d5 4. d4 Bd6 5. O-O O-O 6. b3 c5 7. dxc5 Bxc5 8. Ba3
Bxa3 9. Nxa3 Nc6 10. c4 Bd7 11. cxd5 Nxd5 12. Nc4 Rc8 13. Rc1 Qe7 14. Nfe5 Rfd8
15. Nd3 Be8 16. Qd2 Ndb4 17. Rfd1 Nxd3 18. exd3 Nd4 19. Ne3 Bc6 20. Rc4 Bxg2 21.
Kxg2 e5 22. Rdc1 Rxc4 23. Rxc4 Qf6 24. Qd1 b5 25. Rc1 h6 26. Qg4 g6 27. h4 h5
28. Qe4 Qd6 29. a4 a6 30. axb5 axb5 31. b4 Kg7 32. Rc5 Re8 33. Rd5 Qb8 34. Rc5
Re6 35. Nc2 Nxc2 36. Rxc2 Qd6 37. Rc5 Qd7 38. Rxe5 Rd6 39. Re7 Qc6 40. Qxc6 Rxc6
41. Rb7 Rd6 42. Rxb5 Rxd3 43. Rb8 Rb3 44. b5 Kf6 45. b6 Kg7 46. b7 Kf6 47. f3
Kg7 48. Kf2 f6 49. Ke2 g5 50. Kd2 Rb6 51. Kd3 Rb1 52. Ke4 1-0

[Event "Titled Tue 3rd Jun Early"]
[Site "chess.com INT"]
[Date "2025.06.03"]
[Round "8"]
[White "Moinzai, Khushal"]
[Black "Ndirangu, Nyaruai, Joyce"]
[Result "1-0"]
[WhiteTitle "FM"]
[BlackTitle "WCM"]
[WhiteElo "1894"]
[BlackElo "1933"]
[WhiteFideId "11701200"]
[BlackFideId "10802886"]
[EventDate "2025.06.03"]

1. e4 e5 2. Nf3 Nc6 3. Bb5 a6 4. Ba4 Bc5 5. O-O Nf6 6. Re1 d6 7. c3 O-O 8. h3
Bd7 9. d4 exd4 10. cxd4 Bb4 11. Nc3 Re8 12. Bc2 d5 13. e5 Nh5 14. Ng5 g6 15. Qf3
f6 16. Nxh7 Nxd4 17. Qxd5+ Be6 18. Qxd8 Rexd8 19. Bxg6 fxe5 20. Bg5 Rd7 21. Rxe5
Kg7 22. Bxh5 Kxh7 23. Ne4 Kg7 24. Rd1 Bxa2 25. Nf6 Rd6 26. Ne8+ Rxe8 27. Rxe8
Bf7 28. Re7 Ne2+ 29. Bxe2 Rxd1+ 30. Bxd1 Bxe7 31. Bxe7 Bd5 32. Bf3 c6 33. Bxd5
cxd5 34. Kf1 d4 35. Ke2 b5 36. Kd3 Kf7 37. Bb4 Ke6 38. Kxd4 a5 39. Bxa5 b4 40.
Bxb4 Kf5 41. Bc3 Kf4 42. b4 Kf5 43. b5 Kf4 44. b6 Kf5 45. Kd5 Kf4 46. b7 Kf5 47.
b8=Q Kg6 48. Qb2 1-0

[Event "Titled Tue 3rd Jun Early"]
[Site "chess.com INT"]
[Date "2025.06.03"]
[Round "8"]
[White "Hovakimyan, Vache"]
[Black "Kezin, Roman"]
[Result "1-0"]
[WhiteTitle "FM"]
[BlackTitle "IM"]
[WhiteElo "2282"]
[BlackElo "2471"]
[WhiteFideId "13317288"]
[BlackFideId "24124621"]
[EventDate "2025.06.03"]

1. d4 d5 2. c4 e6 3. Nc3 c6 4. cxd5 exd5 5. Bf4 Bf5 6. e3 Nf6 7. f3 Be7 8. g4
Bg6 9. h4 h5 10. g5 Nfd7 11. Bd3 Bxd3 12. Qxd3 g6 13. Nge2 O-O 14. O-O-O b5 15.
Kb1 Nb6 16. e4 b4 17. Na4 Nxa4 18. e5 Nb6 19. Bc1 c5 20. dxc5 Bxc5 21. f4 Nc6
22. e6 Qe8 23. f5 gxf5 24. e7 Qxe7 25. Ng3 Nc4 26. Nxh5 Bd4 27. Rde1 Qd6 28.
Rhg1 Kh8 29. Nf6 Bxf6 30. gxf6 Qxf6 31. Rg5 N6e5 32. Qg3 Ng4 33. Qf4 Rfe8 34.
Rg1 Re4 35. Qf1 Nh6 36. Rh5 f4 37. Qd3 Rd8 38. Rxd5 Rxd5 39. Qxd5 Rd4 40. Qa8+
Kh7 41. b3 Nd2+ 42. Ka1 Rd3+ 43. Bb2 Rd4 44. Qxa7 1-0

[Event "Titled Tue 3rd Jun Early"]
[Site "chess.com INT"]
[Date "2025.06.03"]
[Round "8"]
[White "Donoso Aguirre, Maximiliano"]
[Black "Chaulagain, Purusottam"]
[Result "1-0"]
[WhiteTitle "CM"]
[BlackTitle "CM"]
[WhiteElo "2002"]
[BlackElo "1898"]
[WhiteFideId "3458920"]
[BlackFideId "12300730"]
[EventDate "2025.06.03"]

1. e4 d5 2. exd5 Qxd5 3. Nc3 Qa5 4. d4 Nf6 5. Nf3 Bf5 6. Bd3 e6 7. Bxf5 Qxf5 8.
O-O Nc6 9. Re1 Be7 10. Qe2 O-O-O 11. Be3 Nb4 12. Rac1 Nfd5 13. Nxd5 Nxd5 14. c4
Nxe3 15. Qxe3 g5 16. d5 g4 17. Nd4 Qg6 18. Rcd1 Bg5 19. Qg3 exd5 20. Qxg4+ Kb8
21. cxd5 Rxd5 22. Nf3 Rxd1 23. Rxd1 Bf6 24. Qxg6 fxg6 25. b3 Kc8 26. Kf1 Re8 27.
Rd3 Re4 28. Nd2 Rh4 29. h3 b5 30. Rf3 Bg5 31. Rf8+ Kb7 32. Nf3 Rf4 33. Rh8 h6
34. Nxg5 hxg5 35. Rg8 Rd4 36. Rxg6 Rd1+ 37. Ke2 Ra1 38. Rxg5 Rxa2+ 39. Kf3 Kb6
40. h4 Rb2 41. h5 Rxb3+ 42. Ke2 Rb2+ 43. Ke1 Rb1+ 44. Kd2 a5 45. h6 Rh1 46. Rg6+
Kc5 47. g4 a4 48. Rg5+ Kc4 49. Rh5 Rg1 50. h7 a3 51. h8=Q a2 52. Qg8+ Kb4 53.
Qxa2 c5 54. Qb2+ Ka5 55. Rxc5 Rd1+ 56. Kxd1 1-0